000 00364nam a2200145 i 4500
001 bg
100 1 _aWÓJCIK, Teresa
245 0 _aDydaktyczny słownik techniczny /
_cTeresa Wójcik, Adam Murmyło.
260 _aCzęstochowa,
_c1981.
700 1 _aMURMYŁO, Adam
040 _cBPK
041 _apol
942 _cKS
008 s pl f |000 0 pol
999 _c20074
_d20074
856 _uhttp://koha.tu.koszalin.pl/cgi-bin/koha/opac-detail.pl?biblionumber=20074
_yKatalog online BPK